000 01124nam a2200241 i 4500
001 18301
003 DO-SdUEMH
005 20260107142101.0
007 ta
008 260107b1988 dr |||gr|||| 10| 0 spa d
040 _aDO-SdUEMH
_bspa
_erda
041 _aspa
082 1 4 _mRD
_bE56p
245 4 0 _aLos problemas del deporte y la política deportiva en la República Dominicana /
_cAndrés Vanderhorst, Isidro Rodríguez, José Joaquín Puello Juan Francisco Puello Herrera, Fernando Teruel ; editor Frank Moya Pons
264 0 1 _aSanto Domingo, República Dominicana :
_bForum,
_c1988
300 _a130 paginas ;
_c22 cm.
336 _2rdacontent
_atexto
_btxt
337 _2rdamedia
_asin mediación
_bn
338 _2rdacarrier
_avolumen
_bnc
490 _aForum ;
_v29
505 0 _aIntroducción -- Deporte en la Republica Dominicana. Situación existente y respuestas nuevas -- Objetivos y fines del deporte en la Republica Dominicana -- Debate -- El deporte profesional en la Republica Dominicana -- Los problemas de la educación física y el deporte escolar en la Republica Dominicana -- Debate.
942 _2ddc
_n0
_cBK
999 _c18301
_d18301